Normal view
MARC view
Entry Personal Name
001 - CONTROL NUMBER
- control field: 50277
003 - CONTROL NUMBER IDENTIFIER
- control field: OSt
005 - DATE AND TIME OF LATEST TRANSACTION
- control field: 20160403135450.0
008 - FIXED-LENGTH DATA ELEMENTS
- fixed length control field: 160403|| aca||aabn | a|a d
040 ## - CATALOGING SOURCE
- Original cataloging agency: OSt
- Transcribing agency: OSt
100 ## - HEADING--PERSONAL NAME
- Personal name: डॉ राजेश्वरी शांडिलय
670 ## - SOURCE DATA FOUND
- Source citation: Work cat.: (OSt)12805: डॉ राजेश्वरी शांडिलय , धर्म के पॉच अध्याय , 2003









